00470nam a2200181 a 4500001001300000003000900013005001700022008004100039020001000080082001500090100001800105245002100123260005800144300000800202500003500210650002500245700001800270nice12345678IN_TiNIC20260116012752.0080425s1955 jera grp 000 0 eng  ac10000a725.2bARE aAref, El Aref aDome of the Rock aJerusalem bIndustrial Islamic Orphanage Press c1955 a97p aincludes index and biblioraphy aArchitecture-Islamic1 aAref, El Aref